[Event "NOR-ch Class1"]
[Site "Sarpsborg"]
[Date "2018.07.07"]
[Round "2"]
[White "Afsari Rad, Aidin"]
[Black "Sorensen, Simen"]
[Result "1/2-1/2"]
[WhiteElo "1786"]
[BlackElo "1908"]
[PlyCount "36"]
[EventDate "2018.07.07"]
[EventType "swiss"]
[EventRounds "9"]
[EventCountry "NOR"]
[SourceTitle "EXT 2024"]
[Source "ChessBase"]
[SourceDate "2023.10.10"]
[SourceVersion "1"]
[SourceVersionDate "2023.10.10"]
[SourceQuality "1"]

1. e4 c5 2. Nf3 e6 3. b3 Nc6 4. Bb2 d6 5. Qe2 Nf6 6. e5 dxe5 7. Nxe5 Nxe5 8. Bxe5 Bd7 9. Nc3 Be7 10. Qf3 Bc6 11. Bb5 Rc8 12. Bxc6+ Rxc6 13. Rd1 0-0 14. 0-0 Nd7 15. Bf4 Bg5 16. Be3 Qe7 17. Ne4 Bxe3 18. dxe3 Ne5 1/2-1/2

[Event "Hersonissos op 2nd"]
[Site "Hersonissos"]
[Date "2018.06.21"]
[Round "6"]
[White "Afsari Rad, Aidin"]
[Black "Djingarova, Emilia"]
[Result "0-1"]
[WhiteElo "1802"]
[BlackElo "2218"]
[PlyCount "40"]
[EventDate "2018.06.17"]
[EventType "swiss"]
[EventRounds "9"]
[EventCountry "GRE"]
[SourceTitle "CBM 185 Extra"]
[Source "ChessBase"]
[SourceDate "2018.07.29"]
[SourceVersion "1"]
[SourceVersionDate "2018.07.29"]
[SourceQuality "1"]

1. e4 g6 2. d4 Bg7 3. Nf3 d6 4. Bd3 a6 5. a4 b6 6. c3 Nd7 7. 0-0 e5 8. Re1 Ngf6 9. Be3 0-0 10. Qc1 Re8 11. Bh6 Nf8 12. Bxg7 Kxg7 13. Nbd2 Nh5 14. g3 Bg4 15. Bf1 Qd7 16. Bg2 Bh3 17. dxe5 dxe5 18. Nc4 Bxg2 19. Kxg2 Nf4+ 20. Kg1 Nd3 0-1

[Event "Helsingor Xtracon op"]
[Site "Helsingor"]
[Date "2017.07.27"]
[Round "7"]
[White "French, Max"]
[Black "Afsari Rad, Aidin"]
[Result "0-1"]
[WhiteElo "2001"]
[BlackElo "1733"]
[PlyCount "76"]
[EventDate "2017.07.22"]
[EventType "swiss"]
[EventRounds "10"]
[EventCountry "DEN"]
[SourceTitle "CBM 179 Extra"]
[Source "ChessBase"]
[SourceDate "2017.08.23"]
[SourceVersion "1"]
[SourceVersionDate "2017.08.23"]
[SourceQuality "1"]

1. d4 Nf6 2. c4 e6 3. Nf3 b6 4. a3 Bb7 5. Nc3 d5 6. Bg5 Be7 7. e3 0-0 8. Bd3 Ne4 9. Bxe7 Qxe7 10. Qc2 f5 11. Ne2 Nd7 12. cxd5 Bxd5 13. Rc1 c5 14. Nc3 Nxc3 15. Qxc3 Rac8 16. Ke2 c4 17. Bb1 Nf6 18. Qb4 Qb7 19. Rhd1 Rfd8 20. a4 Qa6 21. Rc3 Bxf3+ 22. gxf3 Nd5 23. Qa3 Nxc3+ 24. bxc3 b5 25. a5 Qd6 26. Qb2 a6 27. e4 Qxh2 28. exf5 exf5 29. Bxf5 Re8+ 30. Be4 Qf4 31. Qb1 Rc6 32. d5 Rf6 33. Kf1 h5 34. Rd4 Kf8 35. d6 Rxd6 36. Bd5 Qh2 37. f4 Rxd5 38. Qb4+ Kg8 0-1

[Event "Helsingor Xtracon op"]
[Site "Helsingor"]
[Date "2017.07.23"]
[Round "3"]
[White "De Coninck, Erik"]
[Black "Afsari Rad, Aidin"]
[Result "1-0"]
[WhiteElo "2032"]
[BlackElo "1733"]
[PlyCount "105"]
[EventDate "2017.07.22"]
[EventType "swiss"]
[EventRounds "10"]
[EventCountry "DEN"]
[SourceTitle "CBM 179 Extra"]
[Source "ChessBase"]
[SourceDate "2017.08.23"]
[SourceVersion "1"]
[SourceVersionDate "2017.08.23"]
[SourceQuality "1"]

1. Nf3 d5 2. g3 c5 3. Bg2 Nc6 4. 0-0 e5 5. d3 Nf6 6. Bg5 Be7 7. Nbd2 0-0 8. e4 dxe4 9. dxe4 Be6 10. c3 Qb6 11. Qc2 Rfd8 12. h3 Qc7 13. Rfd1 h6 14. Bxf6 Bxf6 15. Nf1 Rxd1 16. Rxd1 Rd8 17. Rxd8+ Qxd8 18. Ne3 g6 19. Ne1 Bg7 20. Nd3 b6 21. Kh2 Bxa2 22. Nxc5 bxc5 23. Qa4 Be6 24. Qxc6 Qb6 25. Qe8+ Bf8 26. Nd5 Bxd5 27. exd5 Qd6 28. Qa8 Qc7 29. Qe8 Kg7 30. Qa4 Bd6 31. Kg1 Qb6 32. Qc2 Qc7 33. g4 Qe7 34. Qd3 Qb7 35. Qd2 Qe7 36. Qe2 Qb7 37. h4 Qb6 38. h5 Qd8 39. hxg6 fxg6 40. Be4 Qf6 41. Qa6 Qe7 42. Qc8 Qf8 43. Qc6 Qe7 44. Kf1 Qc7 45. Ke2 Kf7 46. Kd3 Qe7 47. Kc4 Kf6 48. Qc8 Kg7 49. Kb5 h5 50. gxh5 gxh5 51. Kc6 Qf6 52. Qd7+ Be7+ 53. d6 1-0

[Event "Nordstrand GP"]
[Site "Oslo"]
[Date "2016.04.17"]
[Round "4"]
[White "Afsari Rad, Aidin"]
[Black "Al Tarbosh, Ward"]
[Result "1/2-1/2"]
[WhiteElo "1762"]
[BlackElo "2159"]
[PlyCount "119"]
[EventDate "2016.04.15"]
[EventType "swiss"]
[EventRounds "5"]
[EventCountry "NOR"]
[SourceTitle "EXT 2018"]
[Source "ChessBase"]
[SourceDate "2017.10.13"]
[SourceVersion "1"]
[SourceVersionDate "2017.10.13"]
[SourceQuality "1"]

1. e4 e6 2. d4 d5 3. Nd2 c5 4. exd5 exd5 5. Ngf3 Nc6 6. Bb5 Bd6 7. dxc5 Bxc5 8. Nb3 Bb6 9. 0-0 Nge7 10. Nfd4 0-0 11. Bf4 a6 12. Be2 Nxd4 13. Nxd4 Nc6 14. c3 Qf6 15. Be3 Nxd4 16. Bxd4 Bxd4 17. Qxd4 Qxd4 18. cxd4 Be6 19. Rac1 Rfc8 20. Rc5 b6 21. Rcc1 Kf8 22. Bd3 Ke7 23. a3 Kd6 24. Rfe1 Bd7 25. Kf1 b5 26. Ke2 a5 27. Kd2 b4 28. Rxc8 Rxc8 29. Rc1 Rb8 30. Rb1 g6 31. Ke3 bxa3 32. bxa3 Rxb1 33. Bxb1 Kc6 34. Ba2 Bc8 35. Kd3 f6 36. Kc3 Ba6 37. g3 Be2 38. f4 Kd6 39. Bb1 Bf3 40. Bd3 Be4 41. Bb5 g5 42. Kd2 gxf4 43. gxf4 Kc7 44. Ke3 Kb6 45. a4 Kc7 46. Kf2 Kd6 47. Kg3 Bc2 48. Kg4 Ke6 49. Kf3 Kf5 50. Bd7+ Kg6 51. Kg3 Bd3 52. h4 Bf5 53. Bb5 Kf7 54. Bc6 Ke6 55. Be8 Bc2 56. Kf3 Bd1+ 57. Ke3 Kf5 58. Bd7+ Kg6 59. Be8+ Kh6 60. Kf2 1/2-1/2